Sports Quiz

Random Sports or Baseball Quiz

MLB by County Quiz Stats

 Plays Quiz Updated Aug 21, 2018

Score 0/30 Timer 05:00
0 Plays Today
County Team % Correct
Bronx CountyNew York Yankees
95.3%
Philadelphia CountyPhiladelphia Phillies
94.9%
San Francisco CountySan Francisco Giants
94.8%
Milwaukee CountyMilwaukee Brewers
94.8%
Saint Louis CitySt. Louis Cardinals
94.5%
Los Angeles CountyLos Angeles Dodgers
94.5%
Baltimore CityBaltimore Orioles
94.4%
San Diego CountySan Diego Padres
94.3%
Toronto Regional MunicipalityToronto Blue Jays
94.1%
Denver CountyColorado Rockies
94.1%
Miami-Dade CountyMiami Marlins
93.5%
District of ColumbiaWashington Nationals
92.9%
Queens CountyNew York Mets
92.8%
Orange CountyLos Angeles Angels
86%
Cook County (NL)Chicago Cubs
84.1%
County Team % Correct
Cook County (AL)Chicago White Sox
83.4%
Allegheny CountyPittsburgh Pirates
76.7%
Cobb CountyAtlanta Braves
73%
Alameda CountyOakland A's
71.7%
Cuyahoga CountyCleveland Indians
65.4%
King CountySeattle Mariners
62.8%
Suffolk CountyBoston Red Sox
62.8%
Pinellas CountyTampa Bay Rays
61.3%
Hamilton CountyCincinnati Reds
60.1%
Maricopa CountyArizona Diamondbacks
59.8%
Harris CountyHouston Astros
57.4%
Wayne CountyDetroit Tigers
56.9%
Tarrant CountyTexas Rangers
56.6%
Hennepin CountyMinnesota Twins
54.9%
Jackson CountyKansas City Royals
54.4%

You're not logged in!

Compare scores with friends on all Sporcle quizzes.
OR
Log In

Show Comments

Extras

Top Quizzes Today


Score Distribution

Your Account Isn't Verified!

In order to create a playlist on Sporcle, you need to verify the email address you used during registration. Go to your Sporcle Settings to finish the process.

Report this User

Report this user for behavior that violates our Community Guidelines.

Details: